banner koha

DNOCS: desenvolvimento e gestão dos recursos hídricos no semiárido nordestino (Registro n. 338989)

MARC details
000 -LÍDER
Campo de controle fixo 01377nam a22004577a 4500
001 - NÚMERO DE CONTROLE
Número de controle BR2025004663
003 - CÓDIGO MARC DA AGÊNCIA CATALOGADORA
Campo de controle BR-BrBNA
005 - DATA E HORA DA ÚLTIMA ATUALIZAÇÃO
Campo de controle 20251108231240.0
008 - CAMPO DE TAMANHO FIXO
Campo fixo de controle 251108b bl.||||| |||| 00| 0 por d
020 ## - ISBN - INTERNATIONAL STANDARD BOOK NUMBER
ISBN 978-85-7226-026-8
040 ## - FONTE DA CATALOGAÇÃO
Agência catalogadora BR-BrBNA
Idioma da catalogação por
041 ## - CÓDIGO DO IDIOMA
Código do Idioma por
072 ## - CATEGORIA AGRIS
Código da categoria de assunto/objeto <a href="D10 ; P10 ; F06 ; M01 ; P01">D10 ; P10 ; F06 ; M01 ; P01</a>
090 ## - NÚMERO DE CHAMADA
Localização na estante D10 BR2025004663
100 0# - ENTRADA PRINCIPAL - NOME PESSOAL
Nome pessoal Carvalho, José Maria Marques de (org.)
100 0# - ENTRADA PRINCIPAL - NOME PESSOAL
Nome pessoal Borges, Cássio (org.)
100 0# - ENTRADA PRINCIPAL - NOME PESSOAL
Nome pessoal Guerra, Ângelo José de Negreiros (org.)
100 0# - ENTRADA PRINCIPAL - NOME PESSOAL
Nome pessoal Oliveira, José Nicácio (org.)
100 0# - ENTRADA PRINCIPAL - NOME PESSOAL
Nome pessoal Saboya Neto, Flávio Viriato de (org.)
100 0# - ENTRADA PRINCIPAL - NOME PESSOAL
Nome pessoal Segundo, Antônio Eduardo Gonçalves (org.)
245 ## - TÍTULO PRINCIPAL
Título principal DNOCS: desenvolvimento e gestão dos recursos hídricos no semiárido nordestino
Subtítulo Série conviver 16
260 ## - IMPRENTA (PUBLICAÇÃO, DISTRIBUIÇÃO, ETC.)
Lugar de publicação, distribuição, etc. Fortaleza, CE (Brasil)
Data de publicação, distribuição, etc 2019
300 ## - DESCRIÇÃO FÍSICA
Extensão 57 p.
Detalhes físicos adicionais il. color.
Dimensões 21 cm
500 ## - NOTA GERAL
Notas gerais 11 ref.; 26 illus.; 9 tables
650 ## - ASSUNTO - THESAGRO
Cabeçalho tópico ou nome geográfico ADMINISTRAÇÃO PÚBLICA
650 ## - ASSUNTO - THESAGRO
Cabeçalho tópico ou nome geográfico NORDESTE
650 ## - ASSUNTO - THESAGRO
Cabeçalho tópico ou nome geográfico RECURSO HÍDRICO
650 ## - ASSUNTO - THESAGRO
Cabeçalho tópico ou nome geográfico GESTÃO
650 ## - ASSUNTO - THESAGRO
Cabeçalho tópico ou nome geográfico MANEJO DE ÁGUA
650 ## - ASSUNTO - THESAGRO
Cabeçalho tópico ou nome geográfico AÇUDE
650 ## - ASSUNTO - THESAGRO
Cabeçalho tópico ou nome geográfico RIO
650 ## - ASSUNTO - THESAGRO
Cabeçalho tópico ou nome geográfico CISTERNA
650 ## - ASSUNTO - THESAGRO
Cabeçalho tópico ou nome geográfico DESSALINIZAÇÃO
650 ## - ASSUNTO - THESAGRO
Cabeçalho tópico ou nome geográfico POÇO
650 ## - ASSUNTO - THESAGRO
Cabeçalho tópico ou nome geográfico IRRIGAÇÃO
650 ## - ASSUNTO - THESAGRO
Cabeçalho tópico ou nome geográfico AQUACULTURA
650 ## - ASSUNTO - THESAGRO
Cabeçalho tópico ou nome geográfico PISCICULTURA
650 ## - ASSUNTO - THESAGRO
Cabeçalho tópico ou nome geográfico DESENVOLVIMENTO SUSTENTÁVEL
909 ## - IDENTIFICAÇÃO DO CATALOGADOR
Ano e mês da catalogação (aaaamm) 202511
Identificação do catalogador Fernando
942 ## - TIPO ESPECÍFICO
Tipo de material Livros
952 ## - LOCATION AND ITEM INFORMATION (KOHA)
-- 2025-11-08
Exemplares
Status de empréstimo Fonte de classificação Status de danificação Não pode ser emprestado Código da coleção Localização permanente Localização atual Localização na estante Total Checkouts Número de chamada Código de barras Tipo de material
  Classificação AGRIS     Agrobase Biblioteca Nacional de Agricultura - Binagri Biblioteca Nacional de Agricultura - Binagri Agrobase - Acervo Geral   D10 BR2025004663 2025-6886 Livros

BINAGRI

Telefone: (61)3218-2567/2388/3357/2097 - binagri@agro.gov.br

Ministério da Agricultura e Pecuária , Esplanada dos Ministérios, Bloco D, Anexo B, Brasília/DF, CEP: 70.043-900